| 000 | 00000cas 2200000za 4500 |
| 001 | 9.858997 |
| 003 | CaOODSP |
| 005 | 20251208135241 |
| 007 | cr ||||||||||| |
| 008 | 180712c20179999qucar p oss f0 a0eng|d |
| 022 | |a2561-8709 |
| 040 | |aCaOODSP|beng |
| 043 | |an-cn--- |
| 086 | 1 |aEm9-7E-PDF|zEm9-11E-PDF |
| 222 | 4|aThe CPP & OAS stats book ... |
| 245 | 04|aThe CPP & OAS stats book ... |h[electronic resource]. |
| 246 | 3 |aCPP and OAS stats book |
| 246 | 3 |aAnnual CPP and OAS stats book |
| 246 | 3 |aCanada Pension Plan and Old Age Security stats book ... |
| 246 | 3 |aStatistics related to Canada Pension Plan and Old Age Security Program |
| 260 | |a[Gatineau, Quebec] : |bSeniors and Pensions Policy Secretariat, Income Security & Social Development Branch, Employment and Social Development Canada, |c2017- |
| 310 | |aAnnual |
| 362 | 1 |aBegan with 2017. |
| 500 | |aIssued also in French under title: Le livre sur les statistiques du RPC et de la SV ... |
| 500 | |aChiefly tables. |
| 520 | |a"This document is a working tool to serve as a handy reference manual for the Canada Pension Plan (CPP) and Old Age Security (OAS) Programs and other related information. The CPP & OAS Stats Book was prepared by the Seniors and Pensions Policy Secretariat of Employment and Social Development Canada (ESDC)." -- Introduction, p. [3]. |
| 546 | |aText in English and French. |
| 692 | 07|2gccst|aSeniors |
| 692 | 07|2gccst|aPensions |
| 710 | 1 |aCanada. |bEmployment and Social Development Canada. |
| 720 | 2 |aSeniors and Pensions Policy Secretariat (SPPS) |
| 775 | 08|tLe livre sur les statistiques du RPC et de la SV ... |w(CaOODSP)9.858999 |